000 nam a22 7a 4500
999 _c10318
_d10318
008 180213b ||||| |||| 00| 0 eng d
100 _aWanchoo, I L
_96279
245 _aLearning conversation skills- X
260 _aNew Delhi
_bGoyal Publication
_c2013